Szczegóły MARC21

Świat w sieci : państwa, społeczeństwa, ludzie : w poszukiwaniu nowego paradygmatu bezpieczeństwa narodowego /

003 -Nazwa inst., której nr kontr. jest w polu 001 [,]
    • @
    • Nazwa instytucji, której n kontrolny jest w polu 001
    • NUKAT
005 -DATA I CZAS OSTATNIEJ MODYFIKACJI [,]
    • @
    • pole kontrolne
    • 20241231092148.0
020 -Międzynarod. znormalizowany nr książki - ISBN [ , ]
    • a
    • Numer ISBN
    • 9788380857056 Find
040 -Instytucja sporządzająca opis [ , ]
    • a
    • Instytucja, która sporządziła opis (NP)
    • WR U/MB
    • b
    • Język katalogowania
    • pol
    • e
    • Zasady katalogowania
    • rda
    • c
    • Instytucja, która sporządziła rekord (NP)
    • WR U/MBs
    • d
    • Instytucja, która zmodyfikowała rekord (P)
    • WR U/mw
    • d
    • Instytucja, która zmodyfikowała rekord (P)
    • SIEDL 001/WST
    • d
    • Instytucja, która zmodyfikowała rekord (P)
    • WA 14/MBs
942 -Rodzaj dokumentu [ , ]
    • c
    • Rodzaj dokumentu
    • Książka
100 -Hasło główne - nazwa osobowa [1, ]
    • a
    • Nazwa osobowa (NP)
    • Aleksandrowicz, Tomasz Romuald.
    • e
    • Rodzaj współpracy
    • Autor
    • 9
    • KHW
    • 25842
245 -Strefa tytułu i oznaczenia odpowiedzialności [1,0]
    • a
    • Tytuł
    • Świat w sieci : Find
    • b
    • Ciąg dalszy tytułu (NP)
    • państwa, społeczeństwa, ludzie : w poszukiwaniu nowego paradygmatu bezpieczeństwa narodowego / Find
    • c
    • Pozostałe elementy strefy tytułu i oznaczenia odpowiedzialności (NP)
    • Tomasz R. Aleksandrowicz.
250 -Strefa wydania [ , ]
    • a
    • Oznaczenie wydania (NP)
    • Wydanie drugie.
260 -Strefa adresu wydawniczego [ , ]
    • a
    • Miejsce wydania (P)
    • Warszawa :
    • b
    • Nazwa wydawcy (P)
    • Difin,
    • c
    • Data wydania (P)
    • copyright © 2018.
300 -Strefa opisu fizycznego [ , ]
    • a
    • Określenie formy książki i/lub objętość (NP)
    • 292 strony :
    • b
    • Oznaczenie ilustracji (NP)
    • ilustracje ;
    • c
    • Format (NP)
    • 23 cm.
336 -Typ zawartości [ , ]
    • a
    • Termin opisujący typ zawartości
    • Tekst
    • b
    • Kod określający zawartość
    • txt
    • 2
    • Źródło (terminu i kodu)
    • rdacontent
337 -Typ mediów [ , ]
    • a
    • Tryb odtwarzania
    • Bez urządzenia pośredniczącego
    • b
    • Kod typu mediów
    • n
    • 2
    • Źródło (terminu i kodu)
    • rdamedia
338 -Typ/rodzaj nośnika [ , ]
    • a
    • Hasło opisujące typ nośnika
    • Wolumin
    • b
    • Kod typu nośnika
    • nc
    • 2
    • Źródło (terminu i kodu)
    • rdacarrier
490 -Strefa serii i książki wielotomowej - forma nie do wyszukiwania [1, ]
    • a
    • Tytuł (P)
    • Bezpieczeństwo - Difin Find
830 -Hasło dodatkowe serii i opisu książki wielotomowej - tytuł ujednolicony/tytuł [ ,0]
    • a
    • Tytuł ujednolicony/tytuł (NP)
    • Bezpieczeństwo - Difin
    • 9
    • KHW
    • 451764
500 -Uwaga ogólna [ , ]
    • a
    • Uwaga ogólna (NP)
    • Na stronie redakcyjnej, w metryce książki: Wydanie II, zaktualizowane.
504 -Uwaga dot. bibliogr. załącznikowej [ , ]
    • a
    • Uwaga dot. bibliografii załącznikowej
    • Bibliografia, netografia na stronach 272-292.
536 -Uwaga dot. finansowania książki [ , ]
    • a
    • Tekst uwagi
    • Publikacja dofinansowana ze środków Akademii Humanistycznej im. Aleksandra Gieysztora w Pułtusku
650 -Hasło przedmiotowe [ ,7]
    • a
    • Hasło przedmiotowe
    • Bezpieczeństwo międzynarodowe
    • y
    • Określnik chronologiczny
    • 1990-.
    • 2
    • Źródło terminu
    • kaba
    • 9
    • KHW
    • 357275
650 -Hasło przedmiotowe [ ,7]
    • a
    • Hasło przedmiotowe
    • Bezpieczeństwo narodowe
    • z
    • Określnik geograficzny
    • Polska
    • y
    • Określnik chronologiczny
    • 1990-.
    • 2
    • Źródło terminu
    • kaba
    • 9
    • KHW
    • 350300
650 -Hasło przedmiotowe [ ,7]
    • a
    • Hasło przedmiotowe
    • Cyberprzestrzeń
    • x
    • Określnik rzeczowy
    • środki zabezpieczające.
    • 2
    • Źródło terminu
    • kaba
    • 9
    • KHW
    • 387848
650 -Hasło przedmiotowe [ ,7]
    • a
    • Hasło przedmiotowe
    • Internet
    • x
    • Określnik rzeczowy
    • środki zabezpieczające.
    • 2
    • Źródło terminu
    • kaba
    • 9
    • KHW
    • 352781
650 -Hasło przedmiotowe [ ,7]
    • a
    • Hasło przedmiotowe
    • Społeczeństwo informacyjne
    • y
    • Określnik chronologiczny
    • 1990-.
    • 2
    • Źródło terminu
    • kaba
    • 9
    • KHW
    • 361082
650 -Hasło przedmiotowe [ ,7]
    • a
    • Hasło przedmiotowe
    • Bezpieczeństwo międzynarodowe
    • 2
    • Źródło terminu
    • DBN
    • 9
    • KHW
    • 721967
650 -Hasło przedmiotowe [ ,7]
    • a
    • Hasło przedmiotowe
    • Bezpieczeństwo narodowe
    • 2
    • Źródło terminu
    • DBN
    • 9
    • KHW
    • 721985
650 -Hasło przedmiotowe [ ,7]
    • a
    • Hasło przedmiotowe
    • Internet
    • 2
    • Źródło terminu
    • DBN
    • 9
    • KHW
    • 723307
650 -Hasło przedmiotowe [ ,7]
    • a
    • Hasło przedmiotowe
    • Społeczeństwo informacyjne
    • 2
    • Źródło terminu
    • DBN
    • 9
    • KHW
    • 721504
650 -Hasło przedmiotowe [ ,7]
    • a
    • Hasło przedmiotowe
    • Technologia informacyjna (IT)
    • 2
    • Źródło terminu
    • DBN
    • 9
    • KHW
    • 734742
651 -Hasło przedmiotowe w formie nazwy geograficznej [ ,7]
    • a
    • Nazwa geograficzna
    • Polska
    • 2
    • Źródło terminu
    • DBN
    • 9
    • KHW
    • 721438
655 -Hasło w funkcji tematu formalnego [ ,7]
    • a
    • Hasło
    • Opracowanie
    • 2
    • Źródło terminu
    • DBN
    • 9
    • KHW
    • 721206
658 -Ujęcie treści [ , ]
    • a
    • dziedzina nauki i sztuki/ sfera aktywności życiowej
    • Bezpieczeństwo i wojskowość
658 -Ujęcie treści [ , ]
    • a
    • dziedzina nauki i sztuki/ sfera aktywności życiowej
    • Informatyka i technologie informacyjne
710 -Hasło dodatkowe - nazwa ciała zbiorowego [2, ]
    • a
    • Nazwa ciała zbiorowego lub nazwa geograficzna jako pierwszy element (NP)
    • Difin.
    • e
    • Rodzaj współpracy
    • Wydawca
    • 4
    • Kod relacji
    • pbl
    • 9
    • KHW
    • 52248
920 -ISBN [ , ]
    • a
    • ISBN
    • 978-83-8085-705-6 Find
Numer inwentarzowy Status udost. Lokalizacja Data inwentaryzacji
E.78780-2BE2019-01-16
H.321731BNS2018-12-21
H.32174-3BNS2018-12-21